Realism and Imagination (Record no. 193729)
[ view plain ]
| 000 -LEADER | |
|---|---|
| fixed length control field | 00647 a2200157 4500 |
| 003 - CONTROL NUMBER IDENTIFIER | |
| control field | Nust |
| 005 - DATE AND TIME OF LATEST TRANSACTION | |
| control field | 20221220120039.0 |
| 040 ## - CATALOGING SOURCE | |
| Transcribing agency | Nust |
| 082 ## - DEWEY DECIMAL CLASSIFICATION NUMBER | |
| Classification number | 128.3, CHI |
| 100 ## - MAIN ENTRY--PERSONAL NAME | |
| Personal name | Joseph Chiari |
| 9 (RLIN) | 105336 |
| 245 ## - TITLE STATEMENT | |
| Title | Realism and Imagination |
| Statement of responsibility, etc. | Joseph Chiari |
| 260 ## - PUBLICATION, DISTRIBUTION, ETC. | |
| Place of publication, distribution, etc. | london |
| Name of publisher, distributor, etc. | Barrie |
| Date of publication, distribution, etc. | 1960 |
| 300 ## - PHYSICAL DESCRIPTION | |
| Extent | 216,p.; |
| 505 ## - FORMATTED CONTENTS NOTE | |
| Formatted contents note | The Comfort Of Words (Page-7), Reality And Its Apprehension (Page-18), Realism And Imagination Throughout The Centuries (Page-38), Realism And Naturalism As Aesthetic Creeds (Page-72), Realism And Abstraction (Page-84), Art And Reality (Page-99), Symbolism And Reality (Page-109), Tragedy (Page-146). |
| 942 ## - ADDED ENTRY ELEMENTS (KOHA) | |
| Source of classification or shelving scheme | |
| Koha item type | Book |
| Withdrawn status | Lost status | Source of classification or shelving scheme | Damaged status | Not for loan | Permanent Location | Current Location | Shelving location | Date acquired | Total Checkouts | Full call number | Barcode | Date last seen | Date last checked out | Price effective from | Koha item type | Public note |
|---|---|---|---|---|---|---|---|---|---|---|---|---|---|---|---|---|
| Military College of Signals (MCS) | Military College of Signals (MCS) | General Stacks | 12/12/2016 | 1 | 128.3,CHI | MCS29107 | 09/25/2024 | 09/16/2024 | 12/12/2016 | Book | Almirah No.46, Shelf No.2 |
